Building skills for proficiency : (Record no. 200129417)
[ view plain ]
| 000 -LEADER | |
|---|---|
| fixed length control field | 00956 a2200277 4500 |
| 001 - CONTROL NUMBER | |
| control field | 200129417 |
| 003 - CONTROL NUMBER IDENTIFIER | |
| control field | TR-AnTOB |
| 005 - DATE AND TIME OF LATEST TRANSACTION | |
| control field | 20230818000840.0 |
| 008 - FIXED-LENGTH DATA ELEMENTS--GENERAL INFORMATION | |
| fixed length control field | 130521e2006 tu 000 0 |
| 020 ## - INTERNATIONAL STANDARD BOOK NUMBER | |
| International Standard Book Number | 9758778803 |
| 040 ## - CATALOGING SOURCE | |
| Original cataloging agency | TR-AnTOB |
| 041 ## - LANGUAGE CODE | |
| Language code of text/sound track or separate title | İngilizce |
| 050 ## - LIBRARY OF CONGRESS CALL NUMBER | |
| Classification number | PE1114 |
| Item number | .Ö98 2006 |
| 090 ## - LOCALLY ASSIGNED LC-TYPE CALL NUMBER (OCLC); LOCAL CALL NUMBER (RLIN) | |
| Classification number (OCLC) (R) ; Classification number, CALL (RLIN) (NR) | PE1114 .Ö98 2006 |
| 100 ## - MAIN ENTRY--PERSONAL NAME | |
| Personal name | Öztürk, Cesur |
| 9 (RLIN) | 19972 |
| 245 00 - TITLE STATEMENT | |
| Title | Building skills for proficiency : |
| Remainder of title | a comprehensive workbook for proficiency KPDS andTOEFL / |
| Statement of responsibility, etc. | Cesur Öztürk. |
| 250 ## - EDITION STATEMENT | |
| Edition statement | 22. bs. |
| 264 #1 - PRODUCTION, PUBLICATION, DISTRIBUTION, MANUFACTURE, AND COPYRIGHT NOTICE | |
| Place of production, publication, distribution, manufacture | Ankara: |
| Name of producer, publisher, distributor, manufacturer | Pelikan, |
| Date of production, publication, distribution, manufacture, or copyright notice | 2006. |
| 300 ## - PHYSICAL DESCRIPTION | |
| Extent | xiv, 625 p. : |
| Dimensions | 24 cm. |
| 650 #7 - SUBJECT ADDED ENTRY--TOPICAL TERM | |
| Topical term or geographic name entry element | İngiliz dili |
| Form subdivision | Sınavlar, sorular, vb. |
| Source of heading or term | etuturkob |
| 9 (RLIN) | 34123 |
| Topical term or geographic name entry element | English language |
| General subdivision | Study and teaching |
| -- | Foreign speakers |
| 9 (RLIN) | 77185 |
| Topical term or geographic name entry element | İngiliz dili |
| General subdivision | Çalışma ve öğretim |
| -- | Yabancılar için |
| 9 (RLIN) | 11191 |
| Topical term or geographic name entry element | English language |
| Form subdivision | Examinations, questions, etc. |
| General subdivision | Examinations, questions, etc. |
| 9 (RLIN) | 23303 |
| 942 ## - ADDED ENTRY ELEMENTS (KOHA) | |
| Koha item type | Book |
| Withdrawn status | Lost status | Source of classification or shelving scheme | Not for loan | Collection code | Home library | Current library | Shelving location | Date acquired | Source of acquisition | Cost, normal purchase price | Serial Enumeration / chronology | Inventory number | Total Checkouts | Total Holds | Full call number | Barcode | Copy number | Cost, replacement price | Date shelved | Koha item type |
|---|---|---|---|---|---|---|---|---|---|---|---|---|---|---|---|---|---|---|---|---|
| Ödünç Verilebilir / Available | Genel Koleksiyon | Merkez Kütüphane | Merkez Kütüphane | Genel Koleksiyon / Main Collection | 21/05/2013 | Bağış / Donation | 0.00 | 1 | İDE | PE1114 .Ö98 2006 | 0042013 | 1 | 0.01 | Book |
